Programa Micronegocios MD : experiencias sobre el acompañamiento realizado a propietarios en 2023 /

Bibliographic Details
Main Author: Nieto Castillo, César Andrés (Author)
Format: Electronic eBook
Language:Spanish
Published: Bogotá D. C. - Colombia : Corporación Universitaria Minuto de Dios - UNIMINUTO, 2023.
Subjects:
Online Access:Digitalia Hispánica

MARC

LEADER 00000nam a2200000Ii 4500
001 DIGCUMD0320
003 NyNyDIG
006 m o d
007 cr |||||||||||
008 241001s2023 ck a ob 000 0 spa d
035 |a (OCoLC)1460842804 
040 |a DGITA  |b eng  |e rda  |e pn  |c DGITA 
020 |a 9789587636956  |q digital 
043 |a s-ck--- 
050 1 4 |a HF5001 ebook 
100 1 |a Nieto Castillo, César Andrés,  |e author. 
245 1 0 |a Programa Micronegocios MD :  |b experiencias sobre el acompañamiento realizado a propietarios en 2023 /  |c autores, César Andrés Nieto Castillo [and 3 others]. 
264 1 |a Bogotá D. C. - Colombia :  |b Corporación Universitaria Minuto de Dios - UNIMINUTO,  |c 2023. 
300 |a 1 online resource :  |b illustrations. 
336 |a text  |b txt  |2 rdacontent 
337 |a computer  |b c  |2 rdamedia 
338 |a online resource  |b cr  |2 rdacarrier 
347 |a text file  |2 rdaft 
347 |b PDF 
504 |a Includes bibliographical references. 
588 0 |a Online resource; title from PDF title page (Digitalia, viewed October 1, 2024) 
650 0 |a Business  |z Colombia. 
650 0 |a Industries  |x Size  |z Colombia. 
791 2 |a Digitalia (Firm),  |e distributor. 
793 0 |g Digitalia eBook Collection:  |a Corporación Universitaria Minuto de Dios 
856 4 0 |3 Digitalia Hispánica  |u https://www.digitaliapublishing.com/a/160766/ 
910 |a Premium collection: 2024